000 00505cam a2200205ua 4500
001 8709
005 20260515114352.0
008 150212n ii |||gr||||Z||||||eng
020 _a818916130X
040 _cMAIN
041 _aeng
082 _a920
100 _aMishra, S. B.,
_eAuthor.
245 1 _aAutobiography in Indian Writing in English
_cBy S. B. Mishra
250 _a1st.
260 _aDelhi:
_bAdhyayan,
_c2004.
300 _a103p.
653 _aBiography, genealogy & insignia
942 _cBK
999 _c7800
_d7800